000 00470pab a2200181 454500
008 180718b1995 xxu||||| |||| 00| 0 eng d
100 _aJames, V.G.
245 _aDynamics of price fixation
_ban economic analysis of law.
260 _c1995
300 _ap.1-41
362 _aJan-Mar
650 _aEconomics
650 _aWelfare economics
650 _aPrice fixing - India
650 _aPrices
773 _aJournal of the Indian Law Institute
909 _a30164
999 _c30164
_d30164